Quién es quién en la institucionalidad centroamericana: algunas reflexiones sobre el proceso de integración /

में बचाया:
ग्रंथसूची विवरण
मुख्य लेखक: Nowalski Rowinski, Jorge
निगमित लेखक: PNUD
अन्य लेखक: Acuña Alfaro, Jairo
स्वरूप: अज्ञात
प्रकाशित: San José: PNUD
विषय:
टैग: टैग जोड़ें
कोई टैग नहीं, इस रिकॉर्ड को टैग करने वाले पहले व्यक्ति बनें!

MARC

LEADER 00000 a2200000 04500
001 26649
003
008 991231s d
040
090 |a 149302  
100 |a Nowalski Rowinski, Jorge  
110 |a PNUD  
245 |a Quién es quién en la institucionalidad centroamericana: algunas reflexiones sobre el proceso de integración /  |c Jorge Nowalski Rowinski  
260 |a San José:   |b PNUD  
300 |a 280 p.  
650 |a INTEGRACION REGIONAL  
650 |a MARCO INSTITUCIONAL  
650 |a INTEGRACION ECONOMICA  
650 |a LEGISLACION  
650 |a PARTICIPACION POLITICA  
650 |a PROBLEMAS SOCIALES  
700 |a   
700 |a Acuña Alfaro, Jairo  
700 |a   
999 |c 8011  |d 8011